Normal view
MARC view
Entry Personal Name
001 - CONTROL NUMBER
- control field: 10828
003 - CONTROL NUMBER IDENTIFIER
- control field: OSt
005 - DATE AND TIME OF LATEST TRANSACTION
- control field: 20211124162441.0
008 - FIXED-LENGTH DATA ELEMENTS
- fixed length control field: 211124|| aca||aabn | a|a d
040 ## - CATALOGING SOURCE
- Original cataloging agency: OSt
- Transcribing agency: OSt
100 ## - HEADING--PERSONAL NAME
- Personal name: Barton C Hacker
670 ## - SOURCE DATA FOUND
- Source citation: Work cat.: (OSt): Barton C Hacker, Elements of Controversy: The Atomic Energy Commission And Radiation Safety In Nuclear Weapons Testing 1947-1974, 1994